00486nam a22001451a 4500003000600000005001700006008004100023020001500064245011500079260004000194300001500234500003700249650002700286700002700313NEGST20141202020003.0030611s1993 001 0 eng d a996683113400aArms and daggers in the heart of Africa :bstudies on internal conflicts /ced. by P. Anyang' Nyong'o.h[Text] aNairobibAcademy Science Pub.c1993 avii, 364p. aIncludes bibliography and index. 0aAfricaxHistoryx1960-1 aNyong'o, Peter Anyang'